000 01187nam a2200217Ia 4500
003 OSt
005 20241029154146.0
007 ca aa aaaaa
008 201103s9999 xx 000 0 und d
040 _cSSBUL
041 _abur
082 _223
_a၂၉၄.၃၄၄၃ ပဏ်
_b၉၁၂၆ S-SAT
100 0 _aပဏ္ဍိတာဘိဝံသ၊ အရှင်
_917250
245 1 0 _aဘာဝိတသုတ္တန်ပါရဂူခြောက်ပါးတရားတော်နှင့်ဟင်္သာတမြို့မဟာစည်သာသနာ့ရိပ်သာ၌သမုတ်အပ်သော ရတသဒ္ဓိသိမ်အောင်စာတမ်း /
_cအရှင်ပဏ္ဍိတာဘိဝံသ။
250 _a ဒုတိယအကြိမ်။
260 _aရန်ကုန် ၊
_bစာပေပေါင်းကူးပုံနှိပ်တိုက်၊
_c၁၉၈၄။
300 _aတ၊ ၁၀၀ စာမျက်နှာ ၊
_c၁၈ စင်တီ။
500 _aS-SAT: Dr. Sai Aung Tun
650 _aဗုဒ္ဓဘာသာ
_xတရားတော်
_913507
942 _2ddc
_cBK1
999 _c16609
_d16609